Toward the next economics and other essays

Bibliographic Details
Main Author: Drucker, Peter F.
Format: Book
Published: London : Heinemann Asia , 1981
Subjects:

MARC

LEADER 00000cam a2200000 7i4500
001 0000000909
005 20050506.0
020 |a 43490404X 
040 |a INS 
090 0 0 |a HD31.   |b D775 1981 
100 1 |a Drucker, Peter F. 
245 1 0 |a Toward the next economics and other essays   |c Peter F. Drucker 
260 |a London :   |b Heinemann Asia ,   |c 1981 
300 |a 212p. 
650 0 0 |a Economics   |x Addresses, essays, leetures 
650 0 0 |a Industrial management   |x Addresses,essays, lectures 
999 |a 0000006616   |b BOOK   |c Open Shelf   |e Default branch